| 000 | 00337nam a2200133Ia 4500 | ||
|---|---|---|---|
| 005 | 20251222143209.0 | ||
| 008 | 251222s9999||||xx |||||||||||||| ||spa|| | ||
| 082 | _a371.1/G24 | ||
| 100 | _aGarcía Rodríguez, Alfonso | ||
| 245 | 0 | _aGuía Didáctica para Educadores | |
| 250 | _as.e. | ||
| 264 | _bEditorial Everest, S.A. | ||
| 942 | _cLIB | ||
| 999 |
_c13386 _d13386 |
||